000 00243nam a2200109Ia 4500
008 240625s9999 xx 000 0 und d
041 _aeng
082 _a336.24 TAX
100 _aTAXMANN
245 _aINCOME TAX RULES AND FORMS
260 _c2008
999 _c34118
_d34118